| 000 | 00856nam a2200253Ia 4500 | ||
|---|---|---|---|
| 003 | OSt | ||
| 005 | 20220916110915.0 | ||
| 006 | a|||||r|||| 00| 0 | ||
| 007 | ta | ||
| 008 | 220915b |||||||| |||| 00| 0 hin d | ||
| 024 | _a198463 | ||
| 037 | _cTextbook | ||
| 040 |
_bhin _aARTS _cARTS |
||
| 041 | _ahin | ||
| 082 | _aO152,2N25:g, M0 | ||
| 100 | _aमिश्र, सरजुप्रसाद | ||
| 245 | 0 | _aनाटककार लक्ष्मीनारायण लाल | |
| 246 | _aNāṭakakār lakṣhmīnārāyaṇ lāla | ||
| 260 |
_aजयपुर _bपंचशील प्रकाशन _c1980 |
||
| 300 |
_a121पृ0 _ccm. |
||
| 650 | _aहिन्दी साहित्य | ||
| 942 |
_hO152,2N25:g, M0 _cTB _2CC |
||
| 999 |
_c100997 _d100997 |
||